[Event "Titled Tuesday intern op 10th Jan Late"]
[Site "Chess.com INT"]
[Date "2023.01.10"]
[Round "4"]
[White "Yang, Kevin S"]
[Black "Jodorcovsky Werjivker, Paulo"]
[Result "1-0"]
[WhiteElo "2082"]
[BlackElo "2220"]
[PlyCount "133"]
[EventDate "2023.01.10"]
[EventType "swiss (blitz)"]
[EventRounds "11"]
[EventCountry "USA"]
[SourceTitle "EXT 2024"]
[Source "ChessBase"]
[SourceDate "2023.10.10"]
[SourceVersion "1"]
[SourceVersionDate "2023.10.10"]
[SourceQuality "1"]

1. b3 e5 2. Bb2 Nc6 3. c4 f5 4. e3 Nf6 5. a3 d6 6. Nf3 g6 7. d4 Bg7 8. dxe5 Ng4 9. h3 Ngxe5 10. Nxe5 dxe5 11. Qxd8+ Nxd8 12. Nc3 c6 13. 0-0-0 0-0 14. Na4 Ne6 15. c5 Ng5 16. Bc4+ Kh8 17. f4 exf4 18. Bxg7+ Kxg7 19. exf4 Ne4 20. Rhe1 b5 21. cxb6 axb6 22. Nxb6 Rxa3 23. Kb2 Ra5 24. Ra1 Rxa1 25. Rxa1 Nc5 26. Ra7+ Kh6 27. Ra8 Rd8 28. Rxc8 Rd2+ 29. Ka3 Rxg2 30. Rxc6 Ne4 31. Bd5 Rd2 32. Bxe4 fxe4 33. Re6 Rd3 34. Rxe4 Rxh3 35. Ka4 g5 36. f5 Kg7 37. Nd5 Rd3 38. Re7+ Kf8 39. Re5 Kf7 40. f6 g4 41. Re7+ Kg6 42. Rg7+ Kh6 43. Ne7 Rf3 44. Ng8+ Kh5 45. Rxh7+ Kg6 46. Rg7+ Kh5 47. f7 g3 48. b4 Kh4 49. Ne7 g2 50. Rxg2 Rxf7 51. Nd5 Rd7 52. Nb6 Rd4 53. Ka5 Rd1 54. Kb5 Rf1 55. Ka6 Ra1+ 56. Kb7 Rb1 57. Nd5 Rd1 58. Kc6 Rc1+ 59. Kd6 Rb1 60. Rc2 Kg4 61. Kc5 Kf5 62. b5 Ke6 63. Kc6 Rd1 64. b6 Rxd5 65. Re2+ Re5 66. Rxe5+ Kxe5 67. b7 1-0

[Event "Speed Chess Q1"]
[Site "Chess.com INT"]
[Date "2022.11.10"]
[Round "9"]
[White "Arencibia Monduy, Antonio"]
[Black "Jodorcovsky Werjivker, Paulo"]
[Result "1-0"]
[WhiteElo "2100"]
[BlackElo "2220"]
[PlyCount "191"]
[EventDate "2022.11.10"]
[EventType "swiss (blitz)"]
[EventRounds "14"]
[EventCountry "USA"]
[SourceTitle "CBM 211 Extra"]
[Source "ChessBase"]
[SourceDate "2023.01.31"]
[SourceVersion "1"]
[SourceVersionDate "2023.01.31"]
[SourceQuality "1"]

1. Nf3 f5 2. g3 Nf6 3. Bg2 d6 4. 0-0 e5 5. d4 e4 6. Nfd2 Be7 7. c4 0-0 8. Nc3 Nc6 9. Nb3 Qe8 10. f3 exf3 11. exf3 Nh5 12. f4 Nf6 13. Re1 Qf7 14. Nd5 Bd8 15. Nxf6+ Qxf6 16. d5 Nb4 17. a3 Na6 18. Be3 Bd7 19. Qd2 h5 20. Nd4 h4 21. b4 hxg3 22. hxg3 Qg6 23. Bf2 Bf6 24. Rad1 Bxd4 25. Qxd4 b6 26. Re7 Rf7 27. Rde1 Raf8 28. R7e2 Nb8 29. Bf3 Bc8 30. Kg2 Nd7 31. Re6 Nf6 32. Rh1 Bxe6 33. dxe6 Re7 34. Re1 Ne4 35. Bxe4 fxe4 36. Rxe4 Rf6 37. Qd5 c6 38. Qxc6 Rfxe6 39. Rd4 Qc2 40. Qd5 Kh8 41. Rd2 Qg6 42. Kf3 Qf6 43. Kg2 Qc3 44. Rd3 Qc2 45. Rd2 Qb3 46. Rd3 Qb2 47. Rd2 Qxa3 48. Qh5+ Rh6 49. Qf5 Re8 50. Bd4 Qxb4 51. Rf2 Rhe6 52. Qh5+ Kg8 53. Qd5 R8e7 54. f5 Qa5 55. Qxa5 bxa5 56. fxe6 Rxe6 57. Ra2 Re4 58. Rd2 a4 59. Kf3 Re6 60. Ra2 Re7 61. Rxa4 Rf7+ 62. Ke3 Rc7 63. Kd3 a5 64. Rxa5 Rc6 65. Rd5 Kf7 66. Rg5 g6 67. Rb5 Ra6 68. Ke3 Ra3+ 69. Kf4 Ra6 70. Rb6 Ra4 71. Rc6 Rb4 72. Ke4 Ke6 73. Be3 Kd7 74. Kd5 Ke7 75. Bg5+ Kf7 76. Rxd6 Rb3 77. Rf6+ Kg7 78. Bh4 Rd3+ 79. Ke4 Rc3 80. Rc6 Kh6 81. Bd8 Rc1 82. Kf3 Kh5 83. Bc7 Rc3+ 84. Kg2 Kg4 85. Bf4 g5 86. Bc7 Rc2+ 87. Kf1 Kf3 88. Ke1 Re2+ 89. Kd1 Ra2 90. Re6 g4 91. Bf4 Rb2 92. Re3+ Kf2 93. Kc1 Ra2 94. Rc3 Ra1+ 95. Kb2 Rd1 96. c5 1-0

[Event "Speed Chess Q1"]
[Site "Chess.com INT"]
[Date "2022.11.10"]
[Round "8"]
[White "Jodorcovsky Werjivker, Paulo"]
[Black "Bibilashvili, Lali"]
[Result "1-0"]
[WhiteElo "2220"]
[BlackElo "1919"]
[PlyCount "45"]
[EventDate "2022.11.10"]
[EventType "swiss (blitz)"]
[EventRounds "14"]
[EventCountry "USA"]
[SourceTitle "CBM 211 Extra"]
[Source "ChessBase"]
[SourceDate "2023.01.31"]
[SourceVersion "1"]
[SourceVersionDate "2023.01.31"]
[SourceQuality "1"]

1. e4 c6 2. d4 d5 3. exd5 cxd5 4. Bd3 Nf6 5. c3 e6 6. Bf4 Bd6 7. Bxd6 Qxd6 8. Nf3 Nc6 9. Nbd2 0-0 10. 0-0 e5 11. dxe5 Nxe5 12. Nxe5 Qxe5 13. Nf3 Qh5 14. Nd4 Bg4 15. f3 Bd7 16. Qd2 Rfe8 17. Rae1 Rac8 18. Rf2 Rxe1+ 19. Qxe1 Re8 20. Re2 Qg5 21. Rxe8+ Nxe8 22. Bf5 Bxf5 23. Qxe8# 1-0

[Event "Speed Chess Q1"]
[Site "Chess.com INT"]
[Date "2022.11.10"]
[Round "4"]
[White "Jodorcovsky Werjivker, Paulo"]
[Black "Borgaonkar, Akshay"]
[Result "0-1"]
[WhiteElo "2220"]
[BlackElo "2135"]
[PlyCount "40"]
[EventDate "2022.11.10"]
[EventType "swiss (blitz)"]
[EventRounds "14"]
[EventCountry "USA"]
[SourceTitle "CBM 211 Extra"]
[Source "ChessBase"]
[SourceDate "2023.01.31"]
[SourceVersion "1"]
[SourceVersionDate "2023.01.31"]
[SourceQuality "1"]

1. e4 c5 2. Nc3 g6 3. f4 Bg7 4. Nf3 d6 5. Bb5+ Nc6 6. Bxc6+ bxc6 7. 0-0 Nf6 8. d3 0-0 9. Qe1 Bg4 10. Qh4 Bxf3 11. Rxf3 e6 12. f5 Nd7 13. Bg5 Bf6 14. Rh3 h5 15. fxg6 fxg6 16. Rg3 Bxg5 17. Rxg5 Kh7 18. Ne2 Ne5 19. Nf4 Qf6 20. g3 Nf3+ 0-1

[Event "Titled Tuesday intern op 08th Nov Early"]
[Site "Chess.com INT"]
[Date "2022.11.08"]
[Round "3"]
[White "Jodorcovsky Werjivker, Paulo"]
[Black "Gurevich, Dmitry"]
[Result "1/2-1/2"]
[WhiteElo "2220"]
[BlackElo "2396"]
[PlyCount "99"]
[EventDate "2022.11.08"]
[EventType "swiss (blitz)"]
[EventRounds "11"]
[EventCountry "USA"]
[SourceTitle "EXT 2024"]
[Source "ChessBase"]
[SourceDate "2023.10.10"]
[SourceVersion "1"]
[SourceVersionDate "2023.10.10"]
[SourceQuality "1"]

1. e4 c5 2. Nc3 g6 3. f4 Bg7 4. Nf3 Nc6 5. Bb5 Nd4 6. Bd3 d6 7. Nb5 a6 8. Nbxd4 cxd4 9. f5 Nf6 10. 0-0 0-0 11. Kh1 e6 12. fxg6 fxg6 13. c3 dxc3 14. dxc3 Bd7 15. Bg5 h6 16. Bh4 g5 17. Bg3 Qe7 18. e5 dxe5 19. Nxe5 Be8 20. Bg6 Rd8 21. Qc2 Nh5 22. Bxh5 Bxh5 23. Ng6 Bxg6 24. Qxg6 Rxf1+ 25. Rxf1 Rf8 26. Rxf8+ Kxf8 27. h3 Qd7 28. Kh2 Qd5 29. b3 Qf5 30. Qh5 e5 31. Qe2 e4 32. Qc4 b5 33. Bd6+ Ke8 34. Qc6+ Kf7 35. Qb7+ Kg8 36. Qb8+ Kh7 37. Qe8 Qd5 38. Bg3 Qf5 39. Qe7 h5 40. c4 bxc4 41. bxc4 h4 42. Bd6 Kg6 43. c5 Qd5 44. Qe8+ Kh6 45. Qe7 Kg6 46. Qe8+ Kh7 47. Qh5+ Bh6 48. Qg4 Kg6 49. Qd7 Bg7 50. Qe8+ 1/2-1/2

[Event "Titled Tuesday intern op 30th Aug Late"]
[Site "Chess.com INT"]
[Date "2022.08.30"]
[Round "2"]
[White "Fernandez, Nelson Wilfredo"]
[Black "Jodorcovsky Werjivker, Paulo"]
[Result "0-1"]
[WhiteElo "1979"]
[BlackElo "2213"]
[PlyCount "52"]
[EventDate "2022.08.30"]
[EventType "swiss (blitz)"]
[EventRounds "11"]
[EventCountry "USA"]
[SourceTitle "EXT 2023"]
[Source "ChessBase"]
[SourceDate "2022.10.05"]
[SourceVersion "1"]
[SourceVersionDate "2022.10.05"]
[SourceQuality "1"]

1. d4 f5 2. c4 Nf6 3. Nc3 d6 4. Bg5 e6 5. Qc2 Be7 6. e3 0-0 7. Bd3 Nc6 8. a3 e5 9. d5 e4 10. Be2 Ne5 11. Nh3 Nxd5 12. Nxd5 Bxg5 13. Nxg5 Qxg5 14. Nxc7 Rb8 15. g3 Bd7 16. 0-0-0 Rbc8 17. Nd5 b5 18. h4 Qd8 19. Kb1 bxc4 20. Qc3 Rc5 21. Rd4 Qa8 22. Nf4 Qc6 23. Rhd1 Nd3 24. f3 Rb8 25. Rd2 Rb3 26. Qa5 Rxa5 0-1